Meilleurs Joueurs de chaque Coupe du Monde - Statistiques

Statistiques générales
  • Ce quiz a été pris 764 fois
  • Le résultat moyen est 10 sur 21
Statistiques - réponses
Coupe du Monde Meilleur Joueur Nationalité du joueur % Correct
2014 Lionel Messi Argentine
99%
2018 Luka Modric Croatie
96%
2006 Zinédine Zidane France
95%
1998 Ronaldo Brésil
93%
1986 Diego Maradona Argentine
86%
1970 Pelé Brésil
86%
2010 Diego Forlan Uruguay
72%
2002 Oliver Kahn Allemagne
56%
1954 Ferenc Puskas Hongrie
52%
1962 Garrincha Brésil
47%
1994 Romario Brésil
43%
1966 Bobby Charlton Angleterre
41%
1982 Paolo Rossi Italie
33%
1978 Mario Kempes Argentine
25%
1934 Giuseppe Meazza Italie
10%
1990 Toto Schillaci Italie
10%
1958 Didi Brésil
9%
1938 Leônidas Brésil
9%
1930 Guillermo Stabile Argentine
6%
1974 Johan Cruijff Pays-Bas
6%
1950 Zizinho Brésil
5%
Aucun quiz correspondant
Distribution des résultats
% des personnes avec chaque résultat
Percentile par nombre de réponses
Votre historique - résultats
Vous n’avez pas pris ce quiz